| 000 | 00820cam a22002658i 4500 | ||
|---|---|---|---|
| 008 | |||
| 020 | _a9781780644202 (hbk.) | ||
| 049 | _aMAIN | ||
| 090 |
_aSB211 _bPOT |
||
| 245 | 0 |
_aPotato and Sweet potato in Africa: Transforming the value chains for food and nutrition / _cedited by Low Jan, Nyongesa Moses, and Parker Monica |
|
| 300 |
_axxx, 622 pages : _billustrations ; _c26 cm |
||
| 500 | _aIncludes index. | ||
| 650 |
_aPotato _xlaw and legislation |
||
| 650 | _aPotato chips | ||
| 650 | _aPotato products | ||
| 650 |
_aPotato _xindustry |
||
| 700 | _aParker, Monica. | ||
| 700 | _aNyongesa, Moses. | ||
| 700 | _aLow, Jan. | ||
| 907 |
_a.b10369636 _b04-04-22 _c17-02-16 |
||
| 003 | |||
| 005 | 20230120144458.0 | ||
| 040 | _cNUST | ||
| 942 |
_cBOOKS _kSB211 _mPOT |
||
| 999 |
_c97584 _d97584 |
||